| 000 | 00691cam a2200181 a 4500 | ||
|---|---|---|---|
| 020 | _a079234796X | ||
| 040 | _cUk | ||
| 082 | 0 | 0 | _a631 KAP 1997 C152 Or. |
| 245 | 1 | 0 |
_aPlant nutrition for sustainable food production and environment : _bproceedings of the XIII International Plant Nutrition Colloquium, 13-19 September 1997, Tokyo, Japan / |
| 260 |
_aDordrecht ; _aBoston : _bKluwer Academic Publishers, _cc1997. |
||
| 300 |
_axxxiii, 982 p. : _bill. (some col.) ; _c27 cm. |
||
| 500 | _a"Reprinted partly from Plant and soil." | ||
| 650 | 0 | _aCrops | |
| 650 | 0 | _aPlants | |
| 700 | 1 | _aAndo, Tadao. | |
| 856 | 4 | 2 | _uhttp://www.loc.gov/catdir/enhancements/fy0821/98122134-d.html |
| 942 | _cAEDBB | ||
| 999 |
_c18788 _d18788 |
||